| 000 | 00532nam a22001697a 4500 | ||
|---|---|---|---|
| 005 | 20250223092358.0 | ||
| 008 | 250223b |||||||| |||| 00| 0 eng d | ||
| 020 | _a9780721672298 | ||
| 050 |
_aRJ45 _b.N418 |
||
| 245 |
_aNelson Essentials of Pediatrics/ _cedited by Richard E. Behrman & Robert M. Kliegman |
||
| 250 | _a3rd ed. | ||
| 260 |
_aPhiladelphia _bW. B. Saunders Company _c1998 |
||
| 300 |
_ax. 846p. _bill. some color _c25cm |
||
| 700 | _aBehrman, Richard E. | ||
| 700 | _aKliegman, Robert M. | ||
| 942 |
_2lcc _cBK _e3rd ed. _n0 |
||
| 999 |
_c4157 _d4157 |
||